| 000 | 01157nam a2200253 i 4500 | ||
|---|---|---|---|
| 001 | bg | ||
| 003 | BPK | ||
| 005 | 20210204135022.0 | ||
| 008 | s1987 pl f |100 0 pol | ||
| 040 | _cBPK | ||
| 080 | _a628.3 | ||
| 080 | _a(06) | ||
| 245 | 3 |
_aII Ogólnopolska Konferencja Naukowa na temat Kompleksowe i szczegółowe problemy inżynierii środowiska : _bzbiór referatów. _nZ. 4-monotematyczny, _pBadania i opracowanie technologii kompleksowego oczyszczania ścieków poprodukcyjnych Fabryki Materiałów i Wyrobów Ściernych KORUND w Kole / _caut. Anna Anielak, Tadeusz Piecuch ; [red. nauk. Tadeusz Piecuch]. |
|
| 246 | _aKompleksowe i szczegółowe problemy inżynierii środowiska | ||
| 260 |
_aCzęstochowa, _c1987. |
||
| 650 | 4 | _aŚcieki przemysłowe | |
| 650 | 4 | _aOczyszczanie ścieków | |
| 655 | 4 | _aMateriały konferencyjne | |
| 658 | _aInżynieria i technika | ||
| 700 | 1 |
_aAnielak, Anna Maria _d(1952- ) _eRedakcja |
|
| 700 | 1 |
_aPiecuch, Tadeusz _d(1946-2018) _eAutor |
|
| 856 |
_uhttp://koha.tu.koszalin.pl/cgi-bin/koha/opac-detail.pl?biblionumber=23419 _yKatalog online BPK |
||
| 942 |
_cKS _2UKD |
||
| 999 |
_c23419 _d23419 |
||